Groundwork of worship and preaching / (Record no. 14345)
[ view plain ]
| 000 -LEADER | |
|---|---|
| fixed length control field | 00481nam a22001812 4500 |
| 001 - CONTROL NUMBER | |
| control field | 0000014968 |
| 005 - DATE AND TIME OF LATEST TRANSACTION | |
| control field | 20140825164601.0 |
| 008 - FIXED-LENGTH DATA ELEMENTS--GENERAL INFORMATION | |
| fixed length control field | 090203s1980 xx 000 0 eng d |
| 040 ## - CATALOGING SOURCE | |
| Original cataloging agency | PUL |
| 050 ## - LIBRARY OF CONGRESS CALL NUMBER | |
| Classification number | BV4211.2 |
| Item number | .J57 1980 |
| 100 1# - MAIN ENTRY--PERSONAL NAME | |
| Personal name | Jones, Richard G. |
| 245 10 - TITLE STATEMENT | |
| Title | Groundwork of worship and preaching / |
| Statement of responsibility, etc | Richard G. Jones. |
| 260 ## - PUBLICATION, DISTRIBUTION, ETC. (IMPRINT) | |
| Place of publication, distribution, etc | London : |
| Name of publisher, distributor, etc | Epworth Press, |
| Date of publication, distribution, etc | 1980. |
| 300 ## - PHYSICAL DESCRIPTION | |
| Extent | 243 p. ; |
| Dimensions | 22 cm. |
| 650 #0 - SUBJECT ADDED ENTRY--TOPICAL TERM | |
| Topical term or geographic name as entry element | Preaching. |
| 650 #0 - SUBJECT ADDED ENTRY--TOPICAL TERM | |
| Topical term or geographic name as entry element | Worship. |
| 908 ## - PUT COMMAND PARAMETER (RLIN) | |
| Put command parameter | 090203 |
| Withdrawn status | Lost status | Source of classification or shelving scheme | Damaged status | Not for loan | Home library | Current library | Date acquired | Source of acquisition | Total Checkouts | Full call number | Barcode | Date last seen | Price effective from | Koha item type |
|---|---|---|---|---|---|---|---|---|---|---|---|---|---|---|
| Library of Congress Classification | Presbyterian University of East Africa - Main Library | Presbyterian University of East Africa - Main Library | 26/12/2012 | Donation | BV4211.2 .J57 1980 | 020020016054 | 26/12/2012 | 26/12/2012 | General circulation books |
